LEADER 01079nam0 2200313 450 001 000022548 005 20090204131215.0 010 $a0-678-00655-5 100 $a20090204e19701939km-y0itay50------ba 101 1 $aeng$cswe 102 $aUS 105 $ay-------001yy 200 1 $aStudies in the theory of money and capital$fby Erik Lindahl 205 $aRipr. dell'ed. London, Allen & Unwin, 1939. 210 $aNew York$cA. M. Kelley$d1970 215 $a391 p.$d22 cm 225 2 $aReprints of economic classics 300 $aTrad. per la maggior parte di Tor Fernholm 410 0$12001$aReprints of economic classics 451 0$1001000018035 500 10$aStudies in the theory of money and capital$m$934757 676 $a332.01$v19$9Economia finanziaria. Filosofia e teoria 700 1$aLindahl,$bErik Robert$0632185 702 1$aFernholm,$bTor$4070 801 0$aIT$bUNIPARTHENOPE$c20090204$gRICA$2UNIMARC 912 $a000022548 951 $a020/145$b677$cNAVA2 996 $aStudies in the theory of money and capital$934757 997 $aUNIPARTHENOPE LEADER 01244nas 2200409 c 450 001 9910891609303321 005 20260218111030.0 035 $a(DE-599)ZDB3077976-5 035 $a(OCoLC)1262336894 035 $a(DE-101)1237788722 035 $a(CKB)4910000000550502 035 $a(DE-599)3077976-5 035 $a(EXLCZ)994910000000550502 100 $a20210728b19221996 |y | 101 0 $aeng 135 $aur||||||||||| 181 $ctxt$2rdacontent 182 $cc$2rdamedia 183 $acr$2rdacarrier 200 10$a... Yearbook$ereport on activities in ..$fBank of Finland 210 31$aHelsinki$cBank of Finland$d[1922?]-1996 210 1$aHelsingfors$cBank of Finland 300 $aUrheber anfangs: Statistical Department of the Bank of Finland 300 $aGesehen am 28.07.2021 300 $aReproduktion 517 1 $acompiled by the Statistical Department of the Bank of Finland 608 $aZeitschrift$2gnd-content 676 $a330 712 02$aTaloustieteellinen Tutkimuslaitos$4isb 712 02$aSuomen Pankki$bStatistische Abteilung$4isb 801 0$b0355 801 1$bDE-101 801 2$b9999 906 $aJOURNAL 912 $a9910891609303321 996 $aYearbook$9979773 997 $aUNINA